000 01295nam0a22003011 4500
001 v19\rc\1945833
005 20251118181104.7
035 _a(NLR Aleph) 005053603
090 _a6920818
_c6920818
100 _a20080428d1913 |||y0rusy50 ca
101 1 _arus
_cger
102 _aRU
105 _aa z |||||
200 1 _aМеблировка комнат в стиле "модерн"
_eКабинеты, столовые, гостиные, салоны, приемные, жилые комнаты, спальни, передние и кухни
_eС 32 литогр. табл. на отд. листах
_fМ. Грэф, архит.
_gПер. с нем. И.А. Путвинского
_gПод ред. М.П. Петрова
210 _aСанкт-Петербург
_cА.Ф. Сухова
_d1913
215 _a23 с., 16 л. ил.
_d34
532 1 3 _aМеблировка комнат в стиле модерн
700 1 _6z01790
_aГреф
_bМ.
_gМакс
702 1 _aПетров
_bМ. П.
_gМихаил Павлович
_4340
702 1 _aПутвинский
_bИ. А.
_4730
790 1 _6z01700
_aГрэф
_bМ.
801 0 _aRU
_bNLR
_gpsbo
801 0 _aRU
_bRuMoRGB
_2psbo
801 1 _aRU
_bProSoft-M
_2rusmarc
852 _aNLR
_j37.43.9.47
899 _aБАН
942 _cBOOK
980 _aNB